000 00498 a2200181 4500
001 066210
003 OSt
005 20210915153232.0
008
082 _a519.2
_bB46B
100 1 _aBhattacharya, Rabindra Nath
245 1 _aA basic course in probability theory
_cby Rabindra Nath Bhattacharya and Edward C. Waymire
260 _aNew York
_bSpringer
_c2010
300 _a210p.
690 _aProbabilities
700 _aWaymire, Edward C.
942 _2ddc
_cBK
999 _c370
_d370